000 00892cab a2200241 4500
001 ABS58282
008 090401t1998 xxu||||| |||| 00| 0 eng d
035 _a(Sirsi) u84199
041 _aeng
100 _aChristie, T.
245 _aReady to put the sale in the shopping bag
260 _c1998
350 _a0
490 _aProperty Week
_v61(5) 6 February 1998, 29(1)
520 _aAdvices those wishing to buy or sell a shopping centre to gain a comprehensive knowledge of all aspects of shopping centre management, including maintenance and employment contracts, to ensure the property is genuinely `ready for sale`.
650 _aCOMMERCIAL PROPERTY TRANSACTIONS
650 _aProperty management
_96262
650 _aSHOPPING CENTRE MANAGEMENT
650 _aSHOPPING CENTRES
690 _aPROPERTY-COMMERCIAL PROPERTY-RETAIL PROPERTY
942 _n0
948 _c11/02/1998
999 _c52905
_d52905